| 000 | 00722nam a2200205 a 4500 | ||
|---|---|---|---|
| 001 | 000024151 | ||
| 005 | 20260316133030.0 | ||
| 008 | 110119s1973 mx r 000 | spa d | ||
| 040 |
_aDO-SdBNP _bspa _cBNPHU |
||
| 082 |
_a338.5 _bG194a |
||
| 100 | 1 |
_aGamoneda, Ramón G. _949586 |
|
| 245 | 1 | 0 |
_aApuntes sobre factibilidad económica / _cRamón G. Gamoneda, Modesto J. García. |
| 260 |
_aMéxico, D. F. : _bCentro Regional de Ayuda Técnica, _c1973. |
||
| 300 |
_ax, 187 p. : _bil. ; _c23 cm. |
||
| 500 | _aIncluye referencias bibliográficas | ||
| 650 | 0 |
_aEstabilidad económica _949587 |
|
| 650 | 0 |
_aPolítica económica _984931 |
|
| 650 | 4 |
_aPronostícos de la economía _949588 |
|
| 700 | 1 |
_aGarcía, Modesto J. _949589 |
|
| 999 |
_c23645 _d23645 |
||